| 000 | 01768nam2a2200253 i 4500 | ||
|---|---|---|---|
| 001 | RU\NLR\BIBL_A\011392737 | ||
| 005 | 20240729025310.0 | ||
| 010 |
_a9785799620295 _bч. 1 _950 |
||
| 021 |
_aRU _b2017-31317 _92309 |
||
| 035 | _a(RuMoRGB)008871864 | ||
| 035 | _a(NLR Aleph) 011392737 | ||
| 090 |
_a11461120 _c11461120 |
||
| 100 | _a20170524d2017 um y0rusy50 ca | ||
| 101 | 0 | _arus | |
| 102 | _aRU | ||
| 105 | _aa|||j|||000zy | ||
| 200 | 0 | _aЧ. 1 | |
| 210 | _d2017 | ||
| 215 |
_a151 с. _cил. |
||
| 461 | 0 |
_1001RU\NLR\BIBL_A\011396163 _12001#$aИмитационное моделирование в AnyLogic 7$eучебное пособие$eдля студентов вуза, обучающихся по направлению 09.03.04 Программная инженерия$eв 2 частях$fО.В. Лимановская$gМинистерство образования и науки Российской Федерации, Уральский федеральный университет имени первого Президента России Б.Н. Ельцина, [Институт фундаментального образования]$vЧ. 1 _1700#1$aЛимановская$bО. В.$gОксана Викторовна _911480355 _aЛимановская, О. В. _cЕкатеринбург _d2017 _fО.В. Лимановская _nИзд-во Уральского университета _oучебное пособие : для студентов вуза, обучающихся по направлению 09.-3.04 Программная инженерия : в 2 частях _tИмитационное моделирование в AnyLogic 7 _y9785799619954 _vЧ. 1 |
|
| 942 | _cBOOK | ||
| 980 | _aNBR | ||